00391nam a2200121Ia 4500008004100000024003000041082001900071100004100090245005400131260002500185600002100210650003800231250506s9999 xx 000 0 und d a04A-20-BS & 04A-20-BS a005.758072 MON aMonis Ahmed Siddiqui & Zeeshan Ahmed 0aComplete Business Application: distributed system aKarachi:bUIT,c2004 aComputer Science aBachelor of Computer Science (BS)